000 00564nam a22001817a 4500
005 20151015114402.0
010 _aENG-113699
020 _a9788189430320
_c200.00
035 _aEN-97231
037 _bDBAD/PUB
082 _a299.93
100 _aKriyananda, Swami
245 _aCities of light :
_cby Swami Kriyananda
_bwhat communities can accomplish in the new age /
260 _aGurgaon
_bAnanda Sangha Publications
_c2009
270 _aB-108 DLF Phase I
_bGurgaon
_e122002
300 _aix,175p.
_c22cm(pbk)
942 _2ddc
_cEN
_mKRI
_h299.93
999 _c95212
_d95212